[Event "Perth Chess League"]
[Site "Perth AUS"]
[Date "2024.05.07"]
[Round "3.2"]
[White "Clarke,Daniel"]
[Black "King,David"]
[Result "1/2-1/2"]
[BlackElo "2040"]
[BlackFideId "3246680"]
[EventDate "2024.03.12"]
[PlyCount "0"]
[WhiteElo "1922"]
[WhiteFideId "3247570"]

1. e4 e5 2. Nf3 Nc6 3. Bb5 a6 4. Ba4 Nf6 5. O-O Be7 6. Bxc6 dxc6 7. d3 Bg4 8. h3
Bxf3 9. Qxf3 Qd7 10. Nd2 O-O-O 11. Nc4 Qe6 12. a4 h5 13. Re1 Nd7 14. Bd2 g5 15.
Qf5 Qxf5 16. exf5 g4 17. hxg4 hxg4 18. Nxe5 Nxe5 19. Rxe5 Bf6 20. Re4 Rh5 21.
Rae1 Rdh8 22. Re8+ Kd7 23. Rxh8 Bxh8 24. b3 Rxf5 25. Re4 Re5 26. f3 gxf3 27.
Rxe5 Bxe5 28. gxf3  1/2-1/2

[Event "Perth Chess League"]
[Site "Perth AUS"]
[Date "2024.05.07"]
[Round "3.3"]
[White "Gough,Dylan"]
[Black "Wu,Kobe"]
[Result "1/2-1/2"]
[BlackElo "1516"]
[BlackFideId "3257355"]
[EventDate "2024.03.12"]
[PlyCount "0"]
[WhiteElo "1784"]
[WhiteFideId "3243176"]

1. d4 d5 2. c4 c6 3. e3 Nf6 4. Nf3 e6 5. Bd2 Bd6 6. Bc3 Nbd7 7. cxd5 cxd5 8. Bd3
O-O 9. Qc2 h6 10. Nbd2 a5 11. O-O b6 12. Ne5 Ba6 13. Bxa6 Rxa6 14. Qd3 Ra8 15.
Rac1 Rc8 16. f4 Be7 17. f5 Nxe5 18. dxe5 Ne8 19. Nb3 exf5 20. Qxf5 Nc7 21. Nd4
Na6 22. e6 Bf6 23. Qg4 Nc5 24. Rxf6 ( 24. Nc6 h5 25. Qxh5 Rxc6 26. Bxf6 )24...
Qxf6 25. Nf5 Qg5 26. Qxg5 hxg5 27. e7 Rfe8 28. Nd6 Rb8 29. Nxe8 Rxe8 30. Bxa5
Nb3 31. axb3 bxa5 32. Rc7 f6 33. Rd7 Kf7 34. Rxd5 Rxe7 35. Kf2 Rb7 36. Rxa5
Rxb3 37. Ra7+ Kg6 38. Ra2 Kf5 39. Ke2 Ke4 40. Ra4+ Ke5 41. Kf3 Rxb2 42. Ra5+
Ke6 43. h3 f5 44. Ra6+ Kf7 45. Rc6 g6 46. Rc1 g4+ 47. hxg4 fxg4+ 48. Kg3 Re2
49. Rc3 Kf6 50. Rc6+ Kf5 51. Rc5+ Kf6 { Draw agreed.}   1/2-1/2

[Event "Perth Chess League"]
[Site "Perth AUS"]
[Date "2024.05.07"]
[Round "3.4"]
[White "Knight,Charles"]
[Black "Gong,Leo"]
[Result "0-1"]
[BlackElo "1234"]
[BlackFideId "3258726"]
[EventDate "2024.03.12"]
[PlyCount "0"]
[WhiteElo "1474"]
[WhiteFideId "3252027"]

1. e4 e5 2. Nc3 Nf6 3. f4 d5 4. fxe5 Nxe4 5. Nf3 Nxc3 6. bxc3 Bg4 7. d4 a6 8.
Bd3 Be7 9. O-O O-O 10. Bf4 c5 11. Qe1 c4 12. Be2 Nc6 13. Qg3 Bh5 14. Rae1 Kh8
15. Ng5 Bg6 16. Bd1 h6 17. Ne6 fxe6 18. Qxg6 Qd7 19. Bxh6 Ba3 20. Bg5 Rxf1+ 21.
Rxf1 Rf8 22. Bg4 Nxe5 23. dxe5 { Catastrophic. From a crushing position to lost
in one move.}  ( 23. Rxf8+ Bxf8 24. dxe5 )23... Bc5+ 24. Rf2 Rxf2 25. Qh5+ Kg8
26. h4 Rxc2+ 27. Kh2 Qf7  0-1

[Event "Perth Chess League"]
[Site "Perth AUS"]
[Date "2024.05.07"]
[Round "3.5"]
[White "Barry,David"]
[Black "Ferozkohi,Ihsan"]
[Result "0-1"]
[BlackElo "2424"]
[BlackFideId "24666866"]
[EventDate "2024.03.12"]
[PlyCount "0"]
[WhiteElo "1941"]
[WhiteFideId "3234487"]

1. e4 e6 2. d4 d5 3. Nc3 Bb4 4. e5 c5 5. a3 Bxc3+ 6. bxc3 Ne7 7. Nf3 Nbc6 8. Bd3
c4 9. Be2 Nf5 10. O-O O-O 11. Bg5 f6 12. exf6 gxf6 13. Bf4 Nd6 14. Bxd6 Qxd6
15. Qd2 Bd7 16. Rfe1 Rf7 17. Bf1 b5 18. g3 e5 19. dxe5 fxe5 20. Qg5+ Rg7 21.
Qe3 e4 22. Nd4 Ne5 23. Bg2 Ng4 24. Qd2 Rf8 25. Re2 Rgf7 26. Rf1 Qg6 27. h3 {
This time it's not the rook that's wrong, it's the pawn. 27. f3 was correct.} 
( 27. f3 Ne5 ( 27... Nf6 28. Ree1 )28. fxe4 )27... Ne5 28. Qe3 Nf3+ 29. Kh1 Qh5
30. h4 Bg4 31. Bxf3 Rxf3 32. Qg5+ Qxg5 33. hxg5 Rxg3 34. Ree1 Rh3+ 35. Kg2 Rxc3
36. Nxb5 Rxc2 37. Kg3 Bd7 38. Nd4 Rc3+  0-1

[Event "Perth Chess League"]
[Site "Perth AUS"]
[Date "2024.05.07"]
[Round "3.6"]
[White "Simonds,Marcus"]
[Black "Hare,Tim"]
[Result "0-1"]
[BlackElo "2288"]
[BlackFideId "4300629"]
[EventDate "2024.03.12"]
[PlyCount "0"]
[WhiteElo "1795"]
[WhiteFideId "3237575"]

1. e4 d6 2. d4 Nf6 3. Nc3 Nbd7 4. Be3 e5 5. f3 Be7 6. Bc4 c6 7. a4 a5 8. Nge2
Qc7 9. Bb3 h6 10. Ng3 Nf8 11. O-O g5 12. Nf5 Ng6 13. Ng7+ Kf8 14. Nf5 Bxf5 15.
exf5 Nh4 16. g4 d5 17. dxe5 Qxe5 18. Bf2 ( 18. Qd2)18... h5 19. Re1 Qf4 20.
Bxh4 gxh4 21. Rxe7 Kxe7 22. Qe1+ Kd6 23. Qxh4 Qd4+ 24. Kf1 hxg4 25. Qg3+ Qe5
26. f4 Qxf5  0-1

[Event "Perth Chess League"]
[Site "Perth AUS"]
[Date "2024.05.07"]
[Round "3.7"]
[White "Roebuck,Derek J"]
[Black "Soutar,Gavin"]
[Result "1/2-1/2"]
[BlackElo "1717"]
[BlackFideId "3228991"]
[EventDate "2024.03.12"]
[PlyCount "0"]
[WhiteElo "1781"]
[WhiteFideId "3226999"]

1. e4 c5 2. Nf3 Nc6 3. d4 cxd4 4. Nxd4 e5 5. Nb5 d6 6. c4 Be7 7. N1c3 a6 8. Na3
Be6 9. Be2 Nd4 10. Nc2 Nxe2 11. Qxe2 Rc8 12. Ne3 Nf6 13. O-O O-O 14. Ned5 Nxd5
15. Nxd5 Bxd5  1/2-1/2

[Event "Perth Chess League"]
[Site "Perth AUS"]
[Date "2024.05.07"]
[Round "3.8"]
[White "Moseley,Paul"]
[Black "Milovanovic,Stevica"]
[Result "1/2-1/2"]
[BlackElo "1506"]
[BlackFideId "3237540"]
[EventDate "2024.03.12"]
[PlyCount "0"]
[WhiteElo "1553"]
[WhiteFideId "3250911"]

1. e3 e5 2. b3 d5 3. Bb2 Nc6 4. Bb5 Bd6 5. Nf3 Qe7 6. O-O Bd7 7. d4 e4 8. Bxc6
bxc6 9. Ne5 Nf6 10. Nxd7 Qxd7 11. h3 O-O 12. Nd2 Qe7 13. a4 c5 14. c4 cxd4 15.
Bxd4 Be5 16. Re1 c6 17. Rb1 Bxd4 18. exd4 Qb4  1/2-1/2

[Event "Perth Chess League"]
[Site "Perth AUS"]
[Date "2024.05.07"]
[Round "3.9"]
[White "Plaganyi,Gyula"]
[Black "Hardegen,Andrew"]
[Result "1/2-1/2"]
[BlackElo "2080"]
[BlackFideId "3204081"]
[EventDate "2024.03.12"]
[PlyCount "0"]
[WhiteElo "2053"]
[WhiteFideId "3217515"]

1. e4 e6 2. Qe2 c5 3. Nc3 Nc6 4. Nf3 Be7 5. d3 Nd4 6. Nxd4 cxd4 7. Nd1 e5 8. g3
h5 9. c4 Bb4+ 10. Bd2 Bxd2+ 11. Qxd2 h4 12. Bg2 d6 13. f3 Qf6 14. Qf2 Ne7 15.
f4 hxg3 16. hxg3 Rxh1+ 17. Bxh1 Qh6 18. Bg2 Nc6 19. Qf3 Bd7 20. Nf2 O-O-O 21.
O-O-O g5 22. Rh1 Qf6 23. Ng4 Qg7 24. f5 Rh8 25. Bf1 f6 26. a3 Na5 27. Qg2 Nb3+
28. Kb1 Nd2+ 29. Ka2 Nxf1 30. Qxf1 Be8 31. Qg2 Kd7 32. Rxh8 Qxh8 33. Qh2 Qxh2
34. Nxh2 Bh5 35. g4 Bf7 36. b4 b5 37. Kb3 bxc4+ 38. dxc4 Ke7 39. Nf3 Be8 40.
Nd2 Bc6 41. a4 Kd7 42. b5 Bb7 43. Kb4 Kc7 44. c5 dxc5+ 45. Kxc5 a6 46. b6+ Kd7
47. a5 Bc6  1/2-1/2

[Event "Perth Chess League"]
[Site "Perth AUS"]
[Date "2024.05.07"]
[Round "3.10"]
[White "Curthoys,Edward"]
[Black "Hardegen,Kathryn"]
[Result "1/2-1/2"]
[BlackElo "1990"]
[BlackFideId "3226778"]
[EventDate "2024.03.12"]
[PlyCount "0"]
[WhiteElo "1906"]
[WhiteFideId "3261468"]

1. b3 d5 2. Bb2 Nf6 3. e3 c5 4. Nf3 Bg4 5. Be2 Nbd7 6. d4 e6 7. O-O Be7 8. h3
Bxf3 9. Bxf3 O-O 10. Nd2 Rc8 11. Rc1 c4 12. c3 b5 13. e4 dxe4 14. Nxe4 Nb6 15.
Nxf6+ Bxf6 16. Ba3 Re8 17. Bc5 a5 18. Bb7 Rb8 19. Bc6 Nd7 20. Ba7 Rc8 21. Bxb5
cxb3 22. axb3 Qc7 23. Bxd7 Qxd7 24. Bc5 h6 25. Ra1 Ra8 26. Ra4 Reb8 27. Qc2 Qb5
28. Rb1 Qc6 29. Qa2 Bd8 30. Ra1  1/2-1/2

[Event "Perth Chess League"]
[Site "Perth AUS"]
[Date "2024.05.07"]
[Round "3.11"]
[White "Balavignan,Ashvin"]
[Black "Taylor,Noah"]
[Result "1-0"]
[BlackElo "1798"]
[BlackFideId "3250121"]
[EventDate "2024.03.12"]
[PlyCount "0"]
[WhiteElo "1839"]
[WhiteFideId "3261425"]

1. e4 e5 2. Nf3 Nc6 3. Bb5 a6 4. Ba4 Nf6 5. O-O b5 6. Bb3 Be7 7. Re1 d6 8. c3
O-O 9. h3 Bb7 10. d3 Re8 11. Nbd2 Bf8 12. Nf1 g6 13. Bg5 Bg7 14. Qd2 Qd7 15.
Ng3 Na5 16. Bc2 Rad8 17. a4 d5 18. axb5 dxe4 19. Bxf6 Bxf6 20. Nxe4 Bxe4 21.
Rxe4 Nb7 22. bxa6 Nc5 23. Rc4 Qb5 24. Rb4 Qc6 25. a7 e4 26. Nd4 Qd5 27. dxe4
Nxe4 28. Qf4  1-0

[Event "Perth Chess League"]
[Site "Perth AUS"]
[Date "2024.05.07"]
[Round "3.12"]
[White "Janceski,Alex"]
[Black "Huang,Yuqi (Ricky)"]
[Result "1-0"]
[BlackElo "1372"]
[BlackFideId "3268250"]
[EventDate "2024.03.12"]
[PlyCount "0"]
[WhiteElo "1886"]
[WhiteFideId "3228185"]

1. d4 Nf6 2. g3 c5 3. c3 g6 4. Bg2 Bg7 5. Nf3 O-O 6. O-O e6 7. dxc5 Qe7 8. Bf4
Ne8 9. Bd6 Nxd6 10. cxd6 Qd8 11. Qb3 Nc6 12. Na3 a6 13. Rad1 Rb8 14. Rfe1 b5
15. Qc2 Bb7 16. Nb1 Re8 17. Nbd2 Na5 18. b4 Nc6 19. Ne4 a5 20. a3 Ra8 21. Nc5
Qc8 22. Qb3 a4 23. Qc2 Nb8 24. c4 bxc4 25. Nxb7 Qxb7 26. Nd4 Nc6 27. Nxc6 dxc6
28. Qxc4 Ra6 29. Rd3 Qb5 30. Qc2 Rd8 31. Rc1 Qb8 32. Bxc6 Rxd6 33. b5 Rxd3 34.
Qxd3 Rb6 35. Rc4 Qa7 36. Qe4 Bb2 37. Rxa4 Qe7 38. Ra8+ Kg7 39. a4 Qd6 40. Qd3
Qe5 41. Qd8  1-0

[Event "Perth Chess League"]
[Site "Perth AUS"]
[Date "2024.06.24"]
[Round "4.1"]
[White "King,David"]
[Black "Hardegen,Andrew"]
[Result "1-0"]
[BlackElo "2099"]
[BlackFideId "3204081"]
[EventDate "2024.03.12"]
[PlyCount "0"]
[WhiteElo "2045"]
[WhiteFideId "3246680"]

1. e4 e6 2. d4 d5 3. Nd2 c5 4. exd5 exd5 5. Ngf3 Nf6 6. Bb5+ Bd7 7. Bxd7+ Nbxd7
8. O-O Be7 9. dxc5 Nxc5 10. Nb3 Nce4 11. h3 O-O 12. Be3 Re8 13. c3 Bd6 14. Re1
Qc7 15. Qc2 Rad8 16. Rad1 h6 17. Nbd4 a6 18. a4 Qc4 19. Nf5 Bb8 20. Qc1 Qc8 (
20... Qxa4 21. Bxh6 g6 )21. N3d4 Nd6 22. Qc2 Nfe4 23. Nxd6 Rxd6 24. Nf3 Rg6 25.
Nh4 Qxh3 26. Nxg6 Qh2+ 27. Kf1 Qh1+ 28. Ke2 Qh5+ 29. f3 fxg6 30. Qb3 Nd6 31.
Rxd5 Rxe3+ 32. Kxe3 Ba7+ 33. Kd3 Qh4 34. Rd4+  1-0

[Event "Perth Chess League"]
[Site "Perth AUS"]
[Date "2024.06.24"]
[Round "4.2"]
[White "Gong,Leo"]
[Black "Hardegen,Kathryn"]
[Result "0-1"]
[BlackElo "2068"]
[BlackFideId "3226778"]
[EventDate "2024.03.12"]
[PlyCount "0"]
[WhiteElo "1490"]
[WhiteFideId "3258726"]

1. e4 d6 2. d4 g6 3. Nc3 Bg7 4. h3 a6 5. Nf3 b5 6. a3 Bb7 7. Bd3 Nd7 8. Be3 c5
9. d5 Rc8 10. Be2 Ngf6 11. O-O b4 12. axb4 cxb4 13. Na2 Nxe4 14. Nxb4 O-O 15.
c3 a5 16. Nc2 Ndf6 17. c4 Ba6 18. b3 Nc3 19. Qe1 Nxe2+ 20. Qxe2 Nxd5 21. Bd4 e5
22. Bb2 Nf4 23. Qd2 Bb7 24. Qe3 Qf6 25. Kh2 Qf5 26. Nce1 Ra8 27. Nd2 Rfe8 28.
f3 d5 29. cxd5 Nxd5 30. Qc5 Qf4+ 31. Kh1 Qxd2 32. Rf2 Qb4 33. Qxb4 axb4 34.
Rxa8 Rxa8 35. Nd3 f6 36. Rc2 Rc8 37. Rxc8+ Bxc8 38. Bc1 Bf8  0-1

[Event "Perth Chess League"]
[Site "Perth AUS"]
[Date "2024.06.24"]
[Round "4.3"]
[White "Deng,Harmoniche"]
[Black "Huang,Yuqi (Ricky)"]
[Result "0-1"]
[BlackElo "1462"]
[BlackFideId "3268250"]
[EventDate "2024.03.12"]
[PlyCount "0"]
[WhiteElo "1093"]
[WhiteFideId "3261697"]

1. d4 Nf6 2. Bg5 e6 3. e3 c5 4. c3 Nc6 5. Bd3 Be7 6. Bxf6 Bxf6 7. dxc5 O-O 8.
Nd2 Ne5 9. Bc2 Qc7 10. Ne4 Be7 11. b4 f5 12. Nd6 b6 13. Qd4 Bf6 14. Kf1 Ba6+
15. Ne2 Nd3 16. Ne8 Rfxe8 17. Qd6 Qxd6 18. cxd6 Nxb4 19. Rc1 Nxc2 20. Rxc2
Bxe2+ 21. Kxe2 Rac8 22. c4 Be5 23. Rd1 Rc6 24. f4 Bf6 25. Kf3 Rec8 26. Rdc1
Rxd6 27. g4 g6 28. g5 Be7 29. Rc3 Rdc6 30. e4 b5 31. exf5 gxf5 32. Rd3 Rxc4 33.
Rxc4 bxc4 34. Rxd7 c3 35. Rxe7 c2  0-1

[Event "Perth Chess League"]
[Site "Perth AUS"]
[Date "2024.06.24"]
[Round "4.4"]
[White "Hare,Tim"]
[Black "Plaganyi,Gyula"]
[Result "1-0"]
[BlackElo "2017"]
[BlackFideId "3217515"]
[EventDate "2024.03.12"]
[PlyCount "0"]
[WhiteElo "2281"]
[WhiteFideId "4300629"]

1. Nf3 d5 2. b3 Bg4 3. Bb2 Nc6 4. h3 Bh5 5. e3 Nf6 6. Be2 e6 7. O-O Qd7 8. a3
Be7 9. d4 O-O 10. Nbd2 Rfd8 11. c4 Ne4 12. Nxe4 dxe4 13. Nd2 Bxe2 14. Qxe2 f5
15. Rad1 Bf6 16. b4 Ne7 17. f3 exf3 18. Nxf3 a5 19. e4 g6 20. e5 Bg7 21. b5 a4
22. Rd3 c6 23. bxc6 Qxc6 24. Rc1 Qa6 25. Qd2 b5 26. cxb5 Qxb5 27. Rc5 Qb7 28.
Qc2 Nd5 29. Bc1 h6 30. h4 Bf8 31. Bd2 Rdc8 32. Qc1 Qa6 33. Ne1 Kh7 34. h5 g5
35. Bxg5 Rxc5 36. dxc5 Qa7 37. Bf6 Qxc5+ 38. Qxc5 Bxc5+ 39. Kh2 Rb8 40. Nc2 Rb3
41. Rd1 Kg8 42. Bh4 Kf7 43. Nd4 Rxa3 44. Nxf5 exf5 45. Rxd5 Rc3 46. Rd8 a3 47.
Ra8 Ke6 48. Ra6+ Kxe5 49. Bf6+  1-0

[Event "Perth Chess League"]
[Site "Perth AUS"]
[Date "2024.06.24"]
[Round "4.5"]
[White "McAteer,Ian"]
[Black "Balavignan,Ashvin"]
[Result "0-1"]
[BlackElo "2025"]
[BlackFideId "3261425"]
[EventDate "2024.03.12"]
[PlyCount "0"]
[WhiteElo "1807"]
[WhiteFideId "3230015"]

1. e4 e6 2. d4 d5 3. e5 c5 4. c3 Nc6 5. Nf3 Qb6 6. Bd3 cxd4 7. cxd4 Bd7 8. O-O
Nxd4 9. Nbd2 Bc5 10. b4 Nxf3+ 11. Nxf3 Bd4 12. Rb1 Ne7 { Ashvin thought for a
while after 9. Nbd2 and again after 10. b4 - both of which are standard in this
gambit line. 11...Bd4 is not correct and after 12. Ne7, although a pawn down,
White has a clear edge. Unfortunately, after considering the Engine's preferred
Bd2 and a4 I played ...}  13. b5 { ... and I still don't know why. The Engine
also liked Qd2 although that was one I didn't look at.}  13... Bc5 14. a4 Ng6
15. g3 f6 16. Qe2 ( 16. Bb2 O-O 17. exf6 gxf6 )16... Kf7 { 15. g3 wasn't great,
but surely f6 is poor too and now Kf7? Doesn't look right but I couldn't see
why.}  17. h4 Bd4 18. Nxd4 Qxd4 19. Bb2 Qxa4 20. exf6 gxf6 21. Qf3 { Now I
could see why, but how to convert?}  21... f5 22. Bxh8 ( 22. Bxf5 exf5 23.
Qxd5+ Be6 24. Qxb7+ Ne7 { I calculated this far but couldn't convince myself
that this was clearly winning. The Engine shakes its head in dispare.}  25.
Rfe1 Rhe8 26. Qc7 Qg4 { What a mess.}  )22... Rxh8 23. Qe3 d4 24. Qf3 Ne5 25.
Qh5+ Ke7 26. Be2 ( { And the advantage slips away. Correct was ... } 26. Bxf5
exf5 27. Rfe1 Ke6 28. Qe2 )26... d3 27. Qg5+ Kd6 28. Bh5 Rc8 29. Qe3 Bxb5 30.
f4 Nc6 31. Rfe1 Nd4 32. Qe5+ Kd7 33. Qg7+ Kd6 34. Qe5+ Kd7 35. Qg7+ Kd8 36.
Qf6+ Kc7 37. Qe5+ Kb6 38. Qe3 ( 38. Qd6+ Rc6 39. Qd8+ )38... Rc5 39. Qxd3 Qc4
40. Qxc4 Rxc4 41. Kf2 a5 { And with Engine showing all zeros ...}  42. Ke3 Nc2+
 0-1

[Event "Perth Chess League"]
[Site "Perth AUS"]
[Date "2024.06.24"]
[Round "4.6"]
[White "Soutar,Gavin"]
[Black "Curthoys,Edward"]
[Result "1/2-1/2"]
[BlackElo "1894"]
[BlackFideId "3261468"]
[EventDate "2024.03.12"]
[PlyCount "0"]
[WhiteElo "1788"]
[WhiteFideId "3228991"]

1. c4 c5 2. Nf3 Nf6 3. d4 cxd4 4. Nxd4 g6 5. Nc3 Bg7 6. e4 d6 7. Be2 Nc6 8. Be3
O-O 9. f3 Nxd4 10. Bxd4 Be6 11. Qd2 Nd7 12. Bxg7 Kxg7 13. Qd4+ Kg8 14. f4 Qb6
15. Qxb6 Nxb6 16. b3 f5 17. Nb5 Bd7 18. Nc7 Rfc8 19. Nd5 Nxd5 20. exd5 Kg7 21.
Kd2 b5 22. cxb5 Rc5 23. Bc4 Bxb5 24. Rac1 Kf6 25. Rhe1  1/2-1/2

[Event "Perth Chess League"]
[Site "Perth AUS"]
[Date "2024.06.24"]
[Round "4.7"]
[White "Milovanovic,Stevica"]
[Black "Janceski,Alex"]
[Result "0-1"]
[BlackElo "1891"]
[BlackFideId "3228185"]
[EventDate "2024.03.12"]
[PlyCount "0"]
[WhiteElo "1431"]
[WhiteFideId "3237540"]

1. e4 c5 2. Bc4 e6 3. a3 a6 4. Nc3 b5 5. Ba2 Bb7 6. d3 g6 7. Nf3 Bg7 8. O-O Nc6
9. Rb1 Qc7 10. Re1 Nge7 11. Bd2 O-O 12. Qc1 Rac8 13. Bh6 Nd4 14. Bxg7 Kxg7 15.
Qd1 Nec6 16. Nxd4 cxd4 17. Ne2 e5 18. Bd5 f5 19. Ng3 f4 20. Ne2 Ne7 21. Bxb7
Qxb7 22. c3 dxc3 23. Nxc3 d6 24. Qb3 f3 25. g3 Qd7 26. Kh1 Nc6 27. Qd1 Nd4 28.
Nd5 Qh3 29. Rg1 Ne2 30. Qd2 Rc6 31. Ne3 Nxg1 32. Rxg1 Qe6 33. Nd5 Rfc8 34. Nc3
a5 35. Qe3 b4 36. Nd5 Rc2 37. Qxf3 Rf8 38. Qe3 Rfxf2 39. Qa7+ Kh6 40. Qe3+ g5
41. Re1 Qh3 42. Ra1 Qxh2#  0-1

[Event "Perth Chess League"]
[Site "Perth AUS"]
[Date "2024.06.24"]
[Round "4.8"]
[White "Spirin,Victor"]
[Black "O'Mahoney,Keegan"]
[Result "1-0"]
[BlackElo "2145"]
[BlackFideId "2506190"]
[EventDate "2024.03.12"]
[PlyCount "0"]
[WhiteElo "2210"]
[WhiteFideId "54131170"]

1. d4 f5 2. e4 fxe4 3. Nc3 Nf6 4. Bg5 Nc6 5. d5 Ne5 6. Qe2 c6 7. Bxf6 gxf6 8.
O-O-O Bg7 9. d6 O-O 10. Nxe4 Qa5 11. Kb1 Nf7 12. Nf3 Re8 13. h4 b6 14. h5 Bb7
15. h6 Bh8 16. Nd4 f5 17. Rh5 Nxd6 18. Nxd6 exd6 19. Rg5+ Kf8 20. Qh5 Ke7 21.
Nxf5+ Kd8 22. Nxd6 Qb4 23. Qxe8+ Kc7 24. Nb5+ cxb5 25. Qxd7+ Kb8 26. Rg8+  1-0

[Event "Perth Chess League"]
[Site "Perth AUS"]
[Date "2024.06.24"]
[Round "4.9"]
[White "Clarke,Daniel"]
[Black "Barry,David"]
[Result "1-0"]
[BlackElo "1913"]
[BlackFideId "3234487"]
[EventDate "2024.03.12"]
[PlyCount "0"]
[WhiteElo "1960"]
[WhiteFideId "3247570"]

1. e4 c5 2. Nf3 d6 3. d4 cxd4 4. Nxd4 Nf6 5. Nc3 a6 6. Be2 e5 7. Nb3 Be7 8. O-O
O-O 9. Kh1 b6 10. Be3 Bb7 11. f3 Nbd7 12. a4 Nc5 13. Rf2 Rc8 14. Bf1 Qc7 15.
Rd2 Rfd8 16. Nxc5 dxc5 17. Bc4 Rxd2 18. Qxd2 Rd8 19. Qe2 a5 20. Rd1 Rxd1+ { ( 
=  )}  21. Qxd1 Bc6 22. b3 Qd7 23. Qxd7 Nxd7 24. Bd5 Nb8 25. Kg1 Kf8 26. Kf2
Bd7 27. Ke2 Nc6 28. Bxc6 Bxc6 29. Kd3 Ke8 30. Nd5 Bd8 31. Bd2 Kd7 32. Ne3 Ke6
33. g3 g6 34. c4 f5 35. Nd5 fxe4+ 36. fxe4 Bxd5 37. cxd5+ Kd6 38. h4 Bc7 39.
Bg5 Kd7 40. Bh6 Bd6 41. Kc4 Kc7 42. Bg5 Bf8 43. Bf6 Bd6 44. Kb5  1-0

[Event "Perth Chess League"]
[Site "Perth AUS"]
[Date "2024.06.24"]
[Round "4.10"]
[White "Wolstencroft,Alan"]
[Black "Roebuck,Derek J"]
[Result "0-1"]
[BlackElo "1752"]
[BlackFideId "3226999"]
[EventDate "2024.03.12"]
[PlyCount "0"]
[WhiteElo "1864"]
[WhiteFideId "3228304"]

1. e4 e5 2. Nf3 Nc6 3. Bb5 f5 4. d4 fxe4 5. Nxe5 Nxe5 6. dxe5 c6 7. Be2 Qa5+ 8.
Nc3 Qxe5 9. Be3 Nf6 10. Qd2 d5 11. Bd4 Qd6 12. O-O-O Be7 13. f3 exf3 14. Bxf3
O-O 15. Rde1 Bf5 16. h3 Rae8 17. g4 Ne4 18. Bxe4 Bxe4 19. Nxe4 dxe4 20. Rxe4
Qd5 21. h4 Qxe4 22. Re1 Qd5 23. Qc3 Bf6 24. Rxe8 Rxe8  0-1

[Event "Perth Chess League"]
[Site "Perth AUS"]
[Date "2024.06.24"]
[Round "4.11"]
[White "Knight,Charles"]
[Black "Simonds,Marcus"]
[Result "1-0"]
[BlackElo "1733"]
[BlackFideId "3237575"]
[EventDate "2024.03.12"]
[PlyCount "0"]
[WhiteElo "1620"]
[WhiteFideId "3252027"]

1. e4 c5 2. d4 cxd4 3. c3 Nf6 4. e5 Nd5 5. cxd4 e6 6. Nc3 Nxc3 7. bxc3 d6 8. Nf3
Nc6 9. Bf4 dxe5 10. Nxe5 Nxe5 11. Bxe5 Bd7 12. Bd3 Bc6 13. O-O Qg5 14. Bg3 Rd8
15. Qe2 h5 16. Qe3 Qxe3 17. fxe3 h4 18. Bf4 Bd6 19. Bxd6 Rxd6 20. e4 e5 21. d5
Bd7 22. c4 b6 23. a4 O-O 24. a5 Rb8 25. axb6 axb6 26. Ra7 Be8 27. Rb1 Rdd8 28.
Re7 Kf8 29. Rxe5 Bd7 30. Rh5 h3 31. Rh8+ Ke7 32. Rxd8 Kxd8 33. c5 Kc7 34. cxb6+
Rxb6 35. Rxb6 Kxb6 36. gxh3 Kc5 37. h4 Kd4 38. Bb1 Ke3 39. Kg2 Bg4 40. Kg3 Bd7
41. h5 f6 42. h6 gxh6 43. Kh4 Be8 44. Kg4 h5+ 45. Kf5 Kf3 46. Kxf6 Kg2 47. h4
Kg3 48. Kg5 Kf3 49. e5 Ke3 50. e6 Kd4 51. d6  1-0

[Event "Perth Chess League"]
[Site "Perth AUS"]
[Date "2024.07.10"]
[Round "5.1"]
[White "Simonds,Marcus"]
[Black "King,David"]
[Result "1/2-1/2"]
[BlackElo "2045"]
[BlackFideId "3246680"]
[EventDate "2024.03.12"]
[PlyCount "0"]
[WhiteElo "1733"]
[WhiteFideId "3237575"]

1. e4 e5 2. Nc3 Nf6 3. f4 d5 4. fxe5 Nxe4 5. Qf3 f5 6. d3 Nxc3 7. bxc3 d4 8. Qg3
Nc6 9. Be2 Be6 10. Nf3 Qd7 11. O-O Bc5 12. c4 Bxc4 13. Ng5 Be6 14. Nxe6 Qxe6
15. Qxg7 O-O-O 16. Rxf5 Rdg8 17. Qf6 Qe8 18. Bh5 Qe7 19. Qxe7 Nxe7  1/2-1/2

[Event "Perth Chess League"]
[Site "Perth AUS"]
[Date "2024.07.10"]
[Round "5.2"]
[White "Moseley,Paul"]
[Black "Gong,Leo"]
[Result "1-0"]
[BlackElo "1490"]
[BlackFideId "3258726"]
[EventDate "2024.03.12"]
[PlyCount "0"]
[WhiteElo "1535"]
[WhiteFideId "3250911"]

1. d4 d5 2. Nf3 Nf6 3. e3 a6 4. Bd3 e6 5. b3 c5 6. Bb2 Nc6 7. Nbd2 b5 8. dxc5
Bxc5 9. Nd4 Bb7 10. O-O Bd6 11. c4 dxc4 12. bxc4 bxc4 13. Nxc4 Bc7 14. a3 h5
15. Qc2 Nxd4 16. Bxd4 Bxh2+ 17. Kxh2 Ng4+ 18. Kg1 Qh4 19. Be5 Nxe5 20. Nxe5 Qf6
21. Qa4+ Ke7 22. Qb4+ Ke8 23. Qxb7 Kf8 24. Nd7+ Ke7 25. Nxf6+ Kxf6 26. Rfc1
Rab8 27. Qf3+ Ke7 28. Rc7+ Kf8 29. Qxf7#  1-0

[Event "Perth Chess League"]
[Site "Perth AUS"]
[Date "2024.07.10"]
[Round "5.3"]
[White "Plaganyi,Gyula"]
[Black "Wolstencroft,Alan"]
[Result "1-0"]
[BlackElo "1864"]
[BlackFideId "3228304"]
[EventDate "2024.03.12"]
[PlyCount "0"]
[WhiteElo "2017"]
[WhiteFideId "3217515"]

1. e4 c5 2. b4 Nc6 3. b5 Nd4 4. c3 Ne6 5. Bc4 d6 6. Nf3 Nf6 7. Qc2 g6 8. O-O Bg7
9. d4 O-O 10. Nbd2 Nd7 11. Bb2 Nb6 12. Be2 cxd4 13. cxd4 Nf4 14. Bd1 Bd7 15. a4
Rc8 16. Qb3 d5 17. e5 Bf5 18. Ba3 Qd7 19. Nh4 Bd3 20. Re1 Bc4 21. Qf3 Ne6 22.
Bb2 Bh6 23. Nb3 Bxb3 24. Qxb3 Nc4 25. Nf3 Nxb2 26. Qxb2 Rc7 27. a5 Rfc8 28. b6
axb6 29. Ba4 Qd8 30. axb6 Rc3 31. Reb1 Nf4 32. Qb5 e6 33. Qd7 Kg7 34. Qxd8 Rxd8
35. Kf1 g5 36. Ne1 g4 37. Bd1 Nd3 38. Bxg4 Rdc8 39. Bd1 Nxe1 40. Kxe1 Rd3 41.
Ra7 Rb8 42. Ra4 Kg6 43. Be2 Rc3 44. g3 Bg5 45. h4 Bd8 46. Kd2 Rbc8 47. Bd3+ Kg7
48. Ra7 R3c6 49. Rxb7 h6 50. f4 Kg8 51. f5 Kf8 52. fxe6 fxe6 53. Rf1+ Kg8 54.
Bh7+ Kh8 55. Rf8#  1-0

[Event "Perth Chess League"]
[Site "Perth AUS"]
[Date "2024.07.10"]
[Round "5.4"]
[White "Balavignan,Ashvin"]
[Black "Clarke,Daniel"]
[Result "1/2-1/2"]
[BlackElo "1960"]
[BlackFideId "3247570"]
[EventDate "2024.03.12"]
[PlyCount "0"]
[WhiteElo "2025"]
[WhiteFideId "3261425"]

1. d4 d5 2. c4 e6 3. Nf3 Nf6 4. Nc3 Nbd7 5. e3 Be7 6. Be2 O-O 7. O-O b6 8. b3
Bb7 9. cxd5 Nxd5 10. Nxd5 Bxd5 11. Bb2 c5 12. Rc1 Bb7 13. Bc4 Nf6 14. Qe2 Rc8
15. Rfd1 Qe8 16. Bb5 Bc6 17. Bxc6 Rxc6 18. dxc5 Rxc5 19. Rxc5 Bxc5 20. Bxf6
gxf6 21. Qc4 Qe7 22. Qd3 a5 23. g3 Kh8 24. Kg2 Rc8 25. Qd7 Qxd7 26. Rxd7 Kg7
27. Nd4 Bxd4 28. exd4 Rc2 29. d5 exd5 30. Rxd5 Rxa2 31. Rb5 Rb2 32. Rxb6 a4 33.
b4 a3 34. Ra6 a2 35. b5 Kg6 36. b6 h5 37. b7 h4 38. Rxa2 Rxb7 39. gxh4 Rb4 40.
Kg3 f5 41. Ra8 Rg4+ 42. Kh3 Rf4 43. Kg3 Rg4+ 44. Kh3 Rf4 45. Kg3  1/2-1/2